| 000 | 00667nam a2200265Ia 4500 | ||
|---|---|---|---|
| 008 | 210210b2015 xxu||||| |||| 00| 0 eng d | ||
| 020 | _a9788131606896 | ||
| 041 | _aeng | ||
| 082 | _a574.5 SAXE | ||
| 100 | _aSAXENA (H M) | ||
| 245 | _aEnvironmental ecology biodiversity and climate change: towards sustainable development | ||
| 260 |
_aJaipur _bRawat Publications _c2015 |
||
| 300 | _ax,269 | ||
| 650 | _atowards | ||
| 650 | _asustainable | ||
| 650 | _aEnvironmental | ||
| 650 | _aecology | ||
| 650 | _adevelopment | ||
| 650 | _aclimate | ||
| 650 | _achange: | ||
| 650 | _abiodiversity | ||
| 650 | _aand | ||
| 690 | _aEcology | ||
| 906 | _a069295 | ||
| 999 |
_c153401 _d153401 |
||